01788nam a2200361 i 4500003000900000005001700009008004100026040004600067041000800113082002600121092000700147099003600154100004600190245007600236250003700312264008300349300003100432336002200463337002400485338003300509504006000542546009600602650006900698650003100767651001000798856005700808905000700865942001900872999001700891952017300908952017301081952017201254EG-GICUC20260121101542.0251228s2006    ua ||||fr||| 00| 0  ara d  a EG-GICUCbarac EG-GICUCd EG-GICUCerda  aara04221a343.6bع ب . ع04221  aLaw1 10	343.6 ع ب . ع  2006 0 aعبد الرحيم صدقيeمؤلف.10aعلمي الاجرام والعقاب /cعبد الرحيم صدقي.  bطبعة مزيدة ومنقحة 1a[مكان النشر غير محدد] :b[الناشر غير محدد],c2006  a240 صفحة ؛ c24 سم.  2rda contentatext  2rda mediaaComputer  2rda carrieraOnline Resource  aيحتوي على ارجاعات ببليوجرافية  aالنص أغلبه باللغة العربية مع بعض النصوص الفرنسية14aعلم الإجرامxالقانون الجنائي 2qrmak14aعلم العقاب2qrmak1 2qrmak40uhttps://fll.law.cu.edu.eg/fulltext/bks/B10-07325.pdf  a75  2ddccBKe21n0  c52814d52814  00102ddc40718القانون الجنائيaCUbLAW1d2025-12-28l0oLaw1 10	343.6 ع ب . ع  2006  1007325	C1pB10-07325r2025-12-28 13:27:29t1w2025-12-28yBK  00102ddc40708القانون الجنائيaCUbLAW1d2025-12-28l0oLaw1 10	343.6 ع ب . ع  2006  1007326	C2pB10-07326r2025-12-28 13:28:02t2w2025-12-28yBK  00102ddc40708القانون الجنائيaCUbLAW2d2026-02-10l0oLaw2 10	343.6 ع ب . ع  2006 1008442 C3pB10-08442r2026-02-10 15:30:05t3w2026-02-10yBK